Countries Most Similar To Afghanistan - Statistics

General Stats
  • This quiz has been taken 169 times
  • The average score is 12 of 20
Answer Stats
Rank Country Score % Correct
3 Pakistan 67.9
95%
2 Iran 69.9
93%
1 Tajikistan 71.8
86%
5 Iraq 64
80%
4 Yemen 66.6
80%
9 Uzbekistan 62.1
75%
13 Turkmenistan 60.8
71%
11 Syria 61.5
69%
10 Egypt 61.8
58%
18 Kyrgyzstan 59.9
52%
12 Algeria 61.1
48%
14 Jordan 60.5
48%
17 Morocco 60.2
48%
8 Somalia 62.5
46%
16 Libya 60.4
44%
7 Sudan 63
43%
15 Palestine 60.5
42%
6 Mauritania 64
30%
19 Chad 59.8
27%
20 Djibouti 58.5
20%
No matching quizzes found
Score Distribution
Percent of People with Each Score
Percentile by Number Answered
Your Score History
You have not taken this quiz